| 000 | 00393nam a22001577a 4500 | ||
|---|---|---|---|
| 003 | SGT | ||
| 020 | _a978-81-312-3542-3 | ||
| 082 |
_a617.7 _bP13A |
||
| 100 | _aALBERT, DANIEL M. | ||
| 245 | _aPRINCIPLES AND PRACTICE OF OPHTHALMOLOGY 4 VOLUME SET | ||
| 250 | _a3RD | ||
| 260 |
_aINDIA _bELSEVIER PUB _c2013 |
||
| 300 | _a1563,2874,4132,5461 | ||
| 650 | _aOPHTHALMOLOGY | ||
| 942 |
_2ddc _cBK |
||
| 999 |
_c18732 _d18732 |
||